Подробности
| 000 -МАРКЕР |
| контрольное поле |
02478nam0a2200397 4500 |
| 001 - ИДЕНТИФИКАТОР ЗАПИСИ |
| контрольное поле |
RU\NLR\BIBL_A\022522183 |
| 005 - ИДЕНТИФИКАТОР ВЕРСИИ |
| контрольное поле |
20260408135904.0 |
| 035 ## - ДРУГИЕ СИСТЕМНЫЕ НОМЕРА |
| Идентификатор записи |
(NLR Aleph) 022522183 |
| 100 ## - ДАННЫЕ ОБЩЕЙ ОБРАБОТКИ |
| Данные общей обработки |
20250414d1905 |||y0rusy50 ca |
| 101 0# - ЯЗЫК РЕСУРСА |
| Язык текста, звукозаписи и т.д. |
русский |
| 102 ## - СТРАНА ПУБЛИКАЦИИ ИЛИ ПРОИЗВОДСТВА |
| Страна публикации |
Российская Федерация |
| 105 ## - ПОЛЕ КОДИРОВАННЫХ ДАННЫХ: ТЕКСТОВЫЕ МАТЕРИАЛЫ, МОНОГРАФИЧЕСКИЕ |
| Кодированные данные о монографическом текстовом документе |
a z 000yy |
| 181 #0 - ПОЛЕ КОДИРОВАННЫХ ДАННЫХ: ВИД СОДЕРЖАНИЯ |
| Код вида содержания (ISBD) |
i |
| Код характеристики содержания (ISBD) |
xxxe |
| 182 #0 - ПОЛЕ КОДИРОВАННЫХ ДАННЫХ: ТИП СРЕДСТВА |
| Код типа средства (ISBD) |
n - непосредственное |
| 200 1# - ЗАГЛАВИЕ И СВЕДЕНИЯ ОБ ОТВЕТСТВЕННОСТИ |
| Основное заглавие |
Из жизни рыб |
| Первые сведения об ответственности |
[сочинение] А. А. Климонтовича |
| 203 ## - ВИД СОДЕРЖАНИЯ И ТИП СРЕДСТВА |
| Вид содержания |
Текст |
| Дополнительные сведения об издании |
визуальный |
| Тип средства |
непосредственный |
| 210 ## - ПУБЛИКАЦИЯ, РАСПРОСТРАНЕНИЕ И ДР. |
| Место издания, распространения и т.д. |
С.-Петербург [Санкт-Петербург] |
| Имя издателя, распространителя и т. д. |
издание С.-Петербургскаго Общества Грамотности |
| Дата издания, распространения и т.д. |
1905 |
| Имя изготовителя |
Типография Императорскаго Человеколюбиваго О-ва |
| 215 ## - ФИЗИЧЕСКАЯ ХАРАКТЕРИСТИКА |
| Специфическое обозначение материала и объем |
91 с. |
| Другие сведения о физической характеристике |
ил. |
| Размеры |
20 |
| 300 ## - ОБЩИЕ ПРИМЕЧАНИЯ |
| Текст примечания |
На обл.: № 35 |
| 316 ## - ПРИМЕЧАНИЯ ОБ ОСОБЕННОСТЯХ ЭКЗЕМПЛЯРА |
| Текст примечания |
Экз. РНБ (18.394.4.69(1)): приплетена 1 кн. |
| Организация и экземпляр, к которому относится поле |
NLR: 18.394.4.69(1) |
| 317 ## - ПРИМЕЧАНИЯ О ПРОИСХОЖДЕНИИ ЭКЗЕМПЛЯРА |
| Текст примечания |
С экслибрисами: на форзаце штамп: "8-ое Мужск. 4-х классн. имени Д. И. Менделеева город. учил."; на тит. с. штампы: "Ленинградский Городской Отдел Народного Образования, Красногвардейский район, Средняя школа № 135", "Политпросветцентр Володарского района, Районный передвижной фонд" |
| Организация и экземпляр, к которому относится поле |
NLR: 18.394.4.69(1) |
| 606 1# - НАИМЕНОВАНИЕ ТЕМЫ КАК ПРЕДМЕТ |
| Наименование темы |
Рыбы |
| Тематический подзаголовок |
Экология |
| Системный номер авторитетной/нормативной записи |
1129520 |
| Идентификатор авторитетной/нормативной записи |
RU\NLR\AUTH\66129104 |
| 686 3# - ИНДЕКСЫ ДРУГИХ КЛАССИФИКАЦИЙ |
| Индекс |
Е681.921 |
| 700 #1 - ИМЯ ЛИЦА - ПЕРВИЧНАЯ ОТВЕТСТВЕННОСТЬ |
| Начальный элемент ввода |
Климонтович |
| Часть имени, кроме начального элемента ввода |
А. А. |
| 712 02 - НАИМЕНОВАНИЕ ОРГАНИЗАЦИИ - ВТОРИЧНАЯ ОТВЕТСТВЕННОСТЬ |
| Код отношения |
Издающая организация |
| Начальный элемент ввода |
Петербургское общество грамотности |
| Идентификатор авторитетной/нормативной записи |
RU\NLR\AUTH\889953006 |
| Системный номер авторитетной/нормативной записи |
401978 |
| 712 02 - НАИМЕНОВАНИЕ ОРГАНИЗАЦИИ - ВТОРИЧНАЯ ОТВЕТСТВЕННОСТЬ |
| Код отношения |
Бывший владелец |
| Начальный элемент ввода |
Петербургское городское 4-х классное мужское училище им. Д. И. Менделеева |
| Идентифицирующий признак |
8 |
| Идентификатор авторитетной/нормативной записи |
RU\NLR\AUTH\880626465 |
| Системный номер авторитетной/нормативной записи |
2658833 |
| 712 02 - НАИМЕНОВАНИЕ ОРГАНИЗАЦИИ - ВТОРИЧНАЯ ОТВЕТСТВЕННОСТЬ |
| Код отношения |
Бывший владелец |
| Начальный элемент ввода |
Средняя школа |
| Идентифицирующий признак |
135; Ленинград |
| Идентификатор авторитетной/нормативной записи |
RU\NLR\AUTH\880626466 |
| Системный номер авторитетной/нормативной записи |
2658834 |
| 712 02 - НАИМЕНОВАНИЕ ОРГАНИЗАЦИИ - ВТОРИЧНАЯ ОТВЕТСТВЕННОСТЬ |
| Код отношения |
Бывший владелец |
| Начальный элемент ввода |
Ленинградский городской политико-просветительный центр |
| Структурное подразделение |
Володарский районный передвижной фонд |
| Идентификатор авторитетной/нормативной записи |
RU\NLR\AUTH\880626470 |
| Системный номер авторитетной/нормативной записи |
2658838 |
| 852 ## - МЕСТОНАХОЖДЕНИЕ И ШИФР ХРАНЕНИЯ |
| Идентификатор организации |
NLR |
| Шифр хранения (Call Number) |
34.53.5.317 |
| 852 ## - МЕСТОНАХОЖДЕНИЕ И ШИФР ХРАНЕНИЯ |
| Идентификатор организации |
NLR |
| Шифр хранения (Call Number) |
18.394.4.69(1) |
| 942 ## - ДОПОЛНИТЕЛЬНЫЕ ЭЛЕМЕНТЫ ЗАПИСИ (АБИС) |
| Тип экземпляра АБИС |
Книга |
| 980 ## - КОЛЛЕКЦИЯ |
| Название коллекции |
Национальная библиография |